000
00309nam a22001337a 4500
008
180308b xxu||||| |||| 00| 0 eng d
020
_a
9780275954116
041
_a
eng
080
_a
32
100
_a
20
101
_a
POL
245
_a
U.S. Immigration policy and the undocumented
_c
Laws,A
942
_2
udc
_c
BK
999
_c
44381
_d
44381